[Event "NB II. Breyer csoport"]
[Site "Esztergom"]
[Date "2024.03.03"]
[Round "5.2"]
[White "Szabo, Abel"]
[Black "Horvath, Gabor"]
[Result "1-0"]
[WhiteElo "2105"]
[BlackElo "2158"]
[PlyCount "59"]
[EventDate "2023.10.08"]
[EventType "team-tourn"]
[EventRounds "9"]
[EventCountry "HUN"]
[Source "chess.hu"]
[WhiteTeam "Esztergomi SC"]
[BlackTeam "Varosgazda Akademia"]
[WhiteTeamCountry "HUN"]
[BlackTeamCountry "HUN"]

1. e4 c5 2. Nf3 Nc6 3. d4 cxd4 4. Nxd4 e5 5. Nb5 d6 6. c4 Be7 7. N1c3 a6 8. Na3
f5 9. exf5 Bxf5 10. Bd3 Bxd3 11. Qxd3 Nf6 12. Nc2 O-O 13. O-O Nh5 14. Nd5 Bg5
15. Be3 Bxe3 16. fxe3 Qh4 17. Nc7 Rac8 18. Rxf8+ Rxf8 19. Rf1 Rxf1+ 20. Kxf1
Qxh2 21. Qd5+ Kh8 22. Qf7 Ng3+ 23. Kf2 Ne4+ 24. Ke2 Qxg2+ 25. Kd3 Nc5+ 26. Kc3
h6 27. Ne8 Ne4+ 28. Kd3 Nc5+ 29. Kc3 Kh7 30. Nf6+ 1-0

[Event "NB II. Breyer csoport"]
[Site "Esztergom"]
[Date "2024.03.03"]
[Round "5.3"]
[White "Botlik, Bela"]
[Black "Ress, Tamas"]
[Result "0-1"]
[WhiteElo "1984"]
[BlackElo "2211"]
[PlyCount "68"]
[EventDate "2023.10.08"]
[EventType "team-tourn"]
[EventRounds "9"]
[EventCountry "HUN"]
[Source "chess.hu"]
[WhiteTeam "Varosgazda Akademia"]
[BlackTeam "Esztergomi SC"]
[WhiteTeamCountry "HUN"]
[BlackTeamCountry "HUN"]

1. d4 f5 2. Bg5 g6 3. Nc3 Bg7 4. e4 c5 5. exf5 cxd4 6. Nb5 Nc6 7. Nd6+ Kf8 8.
Qf3 Qa5+ 9. Kd1 Nf6 10. Bd2 Qc5 11. Nxc8 Rxc8 12. Bd3 Ne5 13. Qxb7 Nfg4 14. Bb4
Qc6 15. Qxc6 Rxc6 16. Nh3 Nxd3 17. cxd3 gxf5 18. Re1 Bf6 19. Rc1 Rxc1+ 20. Kxc1
Kf7 21. Kd2 Rb8 22. Ba3 Rg8 23. f4 h6 24. g3 Nxh2 25. Rh1 Ng4 26. Ng1 Ne3 27.
Ne2 Rc8 28. Rxh6 d6 29. Rh1 Rc2+ 30. Ke1 e5 31. Rh7+ Kg8 32. Rh6 e4 33. Nxd4
Bxd4 34. Rxd6 exd3 0-1

[Event "NB II. Breyer csoport"]
[Site "Esztergom"]
[Date "2024.03.03"]
[Round "5.4"]
[White "Szucs, Vladimir"]
[Black "Banhazi, Istvan"]
[Result "1-0"]
[WhiteElo "2094"]
[BlackElo "1956"]
[PlyCount "53"]
[EventDate "2023.10.08"]
[EventType "team-tourn"]
[EventRounds "9"]
[EventCountry "HUN"]
[Source "chess.hu"]
[WhiteTeam "Esztergomi SC"]
[BlackTeam "Varosgazda Akademia"]
[WhiteTeamCountry "HUN"]
[BlackTeamCountry "HUN"]

1. d4 Nf6 2. c4 c5 3. d5 d6 4. Nc3 e6 5. Nf3 exd5 6. cxd5 g6 7. Bf4 a6 8. a4
Bg7 9. h3 Qe7 10. e3 O-O 11. Be2 Re8 12. O-O Nbd7 13. Nd2 Ne5 14. Bh2 Bd7 15.
e4 g5 16. f4 gxf4 17. Bxf4 Ng6 18. Bg3 Ne5 19. Qc2 b6 20. Rf2 Bh6 21. Kh1 Be3
22. Rff1 Bc8 23. Bh4 Ned7 24. Nc4 Bd4 25. Bd3 Qf8 26. Ne2 Be5 27. Nxe5 1-0

[Event "NB II. Breyer csoport"]
[Site "Esztergom"]
[Date "2024.03.03"]
[Round "5.5"]
[White "Rozsnyai, Tibor"]
[Black "Balogh, Peter"]
[Result "0-1"]
[WhiteElo "1980"]
[BlackElo "1983"]
[PlyCount "58"]
[EventDate "2023.10.08"]
[EventType "team-tourn"]
[EventRounds "9"]
[EventCountry "HUN"]
[Source "chess.hu"]
[WhiteTeam "Varosgazda Akademia"]
[BlackTeam "Esztergomi SC"]
[WhiteTeamCountry "HUN"]
[BlackTeamCountry "HUN"]

1. c4 e5 2. Nc3 Nf6 3. g3 d5 4. cxd5 Nxd5 5. Bg2 Nb6 6. Nf3 Nc6 7. O-O Be7 8.
d3 Be6 9. Be3 f5 10. Na4 Nd5 11. Bc5 O-O 12. Qd2 f4 13. Rac1 Bd6 14. Bxd6 cxd6
15. Nc3 Nxc3 16. bxc3 h6 17. d4 Bc4 18. Rfd1 e4 19. Ne1 d5 20. gxf4 Qh4 21. e3
Rf6 22. f3 g5 23. fxe4 dxe4 24. Bxe4 gxf4 25. Nf3 Qh3 26. exf4 Kh8 27. Qg2 Rg8
28. Ng5 Qxg2+ 29. Kxg2 Rxf4 0-1

[Event "NB II. Breyer csoport"]
[Site "Esztergom"]
[Date "2024.03.03"]
[Round "5.6"]
[White "Petervari, Szabolcs"]
[Black "Magyar, Erik Ferenc"]
[Result "1-0"]
[WhiteElo "1976"]
[BlackElo "1867"]
[PlyCount "61"]
[EventDate "2023.10.08"]
[EventType "team-tourn"]
[EventRounds "9"]
[EventCountry "HUN"]
[Source "chess.hu"]
[WhiteTeam "Esztergomi SC"]
[BlackTeam "Varosgazda Akademia"]
[WhiteTeamCountry "HUN"]
[BlackTeamCountry "HUN"]

1. Nf3 d6 2. d4 Nf6 3. Nc3 Nbd7 4. Bf4 g6 5. e4 Bg7 6. Qd2 O-O 7. O-O-O c6 8.
e5 Ne8 9. Bh6 Qa5 10. h4 dxe5 11. h5 exd4 12. Nxd4 Ndf6 13. hxg6 fxg6 14. Bc4+
Kh8 15. Be6 c5 16. Nb3 Qc7 17. Bf4 Qc6 18. Bd5 Nxd5 19. Nxd5 e5 20. Rxh7+ Kxh7
21. Rh1+ Kg8 22. Ne7+ Kf7 23. Nxc6 bxc6 24. Bg5 Bf5 25. Nxc5 Nf6 26. Qd6 Rfe8
27. Bxf6 Bxf6 28. Rh7+ Kg8 29. Qc7 Rf8 30. Rh1 Rac8 31. Qh7# 1-0

[Event "NB II. Breyer csoport"]
[Site "Esztergom"]
[Date "2024.03.03"]
[Round "5.7"]
[White "Salamon, Laszlo"]
[Black "Szabo, Lajos"]
[Result "0-1"]
[WhiteElo "1901"]
[BlackElo "1999"]
[PlyCount "74"]
[EventDate "2023.10.08"]
[EventType "team-tourn"]
[EventRounds "9"]
[EventCountry "HUN"]
[Source "chess.hu"]
[WhiteTeam "Varosgazda Akademia"]
[BlackTeam "Esztergomi SC"]
[WhiteTeamCountry "HUN"]
[BlackTeamCountry "HUN"]

1. e4 e6 2. d4 d5 3. Nc3 dxe4 4. Nxe4 Nd7 5. Nf3 Ngf6 6. Nxf6+ Nxf6 7. Bd3 Be7
8. Qe2 O-O 9. Bg5 c5 10. dxc5 Qa5+ 11. c3 Qxc5 12. O-O-O Qc7 13. Ne5 Ne8 14. h4
Bd6 15. Nc4 Be7 16. g4 g6 17. Bh6 Ng7 18. h5 b5 19. Ne5 Bb7 20. hxg6 fxg6 21.
Rh3 Rad8 22. Kb1 Rd5 23. f4 b4 24. g5 Rxf4 25. Bxg7 Kxg7 26. Rxh7+ Kxh7 27.
Qh5+ Kg8 28. Qxg6+ Kf8 29. Qh6+ Ke8 30. Bb5+ Kd8 31. Rxd5+ Bxd5 32. Ng6 Be4+
33. Kc1 Bxg6 34. Qxg6 Rf8 35. Qd3+ Qd6 36. Qh3 bxc3 37. bxc3 Bxg5+ 0-1

[Event "NB II. Breyer csoport"]
[Site "Esztergom"]
[Date "2024.03.03"]
[Round "5.8"]
[White "Zsitva, Norbert"]
[Black "Frank, Balint"]
[Result "1-0"]
[WhiteElo "1975"]
[BlackElo "1939"]
[PlyCount "57"]
[EventDate "2023.10.08"]
[EventType "team-tourn"]
[EventRounds "9"]
[EventCountry "HUN"]
[Source "chess.hu"]
[WhiteTeam "Esztergomi SC"]
[BlackTeam "Varosgazda Akademia"]
[WhiteTeamCountry "HUN"]
[BlackTeamCountry "HUN"]

1. e4 e5 2. Nf3 Nc6 3. Bb5 a6 4. Ba4 Nf6 5. O-O b5 6. Bb3 Bc5 7. Re1 d6 8. h3
O-O 9. c3 Bb6 10. a4 Rb8 11. axb5 axb5 12. d3 Ne7 13. Bg5 Ng6 14. Nh4 Nf4 15.
Qf3 Be6 16. Nd2 h6 17. Bxf4 exf4 18. d4 g5 19. Nf5 Bxf5 20. exf5 c5 21. dxc5
dxc5 22. Rad1 Qc8 23. Re6 Kg7 24. Rxf6 Kxf6 25. Ne4+ Kg7 26. f6+ Kg8 27. Qh5
Qf5 28. Qxh6 Qg6 29. Qxg6+ 1-0

[Event "NB II. Breyer csoport"]
[Site "Esztergom"]
[Date "2024.03.03"]
[Round "5.9"]
[White "Sandor, Jozsef"]
[Black "Meszarosova, Eva"]
[Result "0-1"]
[WhiteElo "1861"]
[BlackElo "1976"]
[PlyCount "104"]
[EventDate "2023.10.08"]
[EventType "team-tourn"]
[EventRounds "9"]
[EventCountry "HUN"]
[Source "chess.hu"]
[WhiteTeam "Varosgazda Akademia"]
[BlackTeam "Esztergomi SC"]
[WhiteTeamCountry "HUN"]
[BlackTeamCountry "HUN"]

1. Nf3 c5 2. c3 d5 3. d4 e6 4. Bf4 Qb6 5. Qb3 Nc6 6. Qxb6 axb6 7. e3 c4 8. Nbd2
f6 9. h4 b5 10. a3 b4 11. cxb4 Bxb4 12. Rc1 Be7 13. Be2 b5 14. O-O Nh6 15. Nb1
Bd7 16. Nc3 Na5 17. Nd2 Nf5 18. h5 g5 19. Bc7 Nb7 20. g4 Nfd6 21. e4 dxe4 22.
Ndxe4 Nxe4 23. Nxe4 Rc8 24. Bh2 f5 25. Nc3 f4 26. Bf3 Nd6 27. Rfe1 Nf7 28. Rcd1
O-O 29. Be4 Bf6 30. f3 Rfd8 31. d5 Bxc3 32. bxc3 e5 33. Kg2 Ra8 34. Ra1 Ra6 35.
Ra2 Nd6 36. Bg1 Rc8 37. Bc2 Nf7 38. Be4 Kg7 39. Kf1 Nh6 40. Bf2 Nxg4 41. fxg4
Bxg4 42. Bb1 Kf6 43. h6 Bf3 44. Be4 Bxe4 45. Rxe4 Rd8 46. Bc5 Rxd5 47. Bf8 Kf5
48. Rae2 g4 49. Bg7 Re6 50. Kf2 g3+ 51. Kf1 f3 52. Re1 f2 0-1

[Event "NB II. Breyer csoport"]
[Site "Esztergom"]
[Date "2024.03.03"]
[Round "5.10"]
[White "Rancso, Mark"]
[Black "Li, Changxing"]
[Result "1-0"]
[WhiteElo "1953"]
[BlackElo "1755"]
[PlyCount "85"]
[EventDate "2023.10.08"]
[EventType "team-tourn"]
[EventRounds "9"]
[EventCountry "HUN"]
[Source "chess.hu"]
[WhiteTeam "Esztergomi SC"]
[BlackTeam "Varosgazda Akademia"]
[WhiteTeamCountry "HUN"]
[BlackTeamCountry "HUN"]

1. d4 d5 2. c4 c6 3. Nc3 Nf6 4. Nf3 e6 5. e3 Bd6 6. Bd3 Nbd7 7. O-O O-O 8. e4
dxe4 9. Nxe4 Nxe4 10. Bxe4 e5 11. Bg5 f6 12. Bh4 Re8 13. Bg3 Qe7 14. c5 Bb8 15.
Re1 Qf8 16. b4 a5 17. Qb3+ Qf7 18. Bxh7+ Kf8 19. Nh4 Qd5 20. Qxd5 cxd5 21. Bg6
Re6 22. b5 Kg8 23. Bf5 Re8 24. Bg6 Re6 25. Bc2 a4 26. Rac1 Re8 27. Bf5 Ra5 28.
c6 bxc6 29. bxc6 Nb6 30. c7 Ba7 31. Bxc8 Rxc8 32. dxe5 fxe5 33. Bxe5 Nc4 34.
Nf5 Kf8 35. Bxg7+ Kf7 36. Rxc4 dxc4 37. Nd6+ Kxg7 38. Nxc8 Rc5 39. Nxa7 Rxc7
40. Nb5 Rb7 41. Nd6 Rc7 42. Rc1 c3 43. Nb5 1-0

[Event "NB II. Breyer csoport"]
[Site "Esztergom"]
[Date "2024.03.03"]
[Round "5.11"]
[White "Ma, Guangxianzhao"]
[Black "Fekete, Laszlo"]
[Result "0-1"]
[WhiteElo "1537"]
[BlackElo "1897"]
[PlyCount "68"]
[EventDate "2023.10.08"]
[EventType "team-tourn"]
[EventRounds "9"]
[EventCountry "HUN"]
[Source "chess.hu"]
[WhiteTeam "Varosgazda Akademia"]
[BlackTeam "Esztergomi SC"]
[WhiteTeamCountry "HUN"]
[BlackTeamCountry "HUN"]

1. e4 c5 2. Nc3 a6 3. f4 b5 4. d3 e6 5. Nf3 Bb7 6. Be2 Nf6 7. O-O d5 8. exd5
Nxd5 9. Nxd5 Bxd5 10. c4 Bb7 11. d4 cxd4 12. cxb5 axb5 13. Bxb5+ Bc6 14. Bxc6+
Nxc6 15. Kh1 Qd5 16. b3 Be7 17. Bb2 Bf6 18. Qd2 O-O 19. Rfd1 g5 20. fxg5 Bg7
21. Qf2 e5 22. Nh4 Rfe8 23. Nf5 Rad8 24. Nxg7 Kxg7 25. Rac1 Kg8 26. Ba3 e4 27.
Rc5 e3 28. Qc2 d3 29. Qc3 Qd4 30. Bb2 Qxc3 31. Bxc3 e2 32. Rg1 d2 33. Bxd2 Rxd2
34. h3 Rd1 0-1

[Event "NB II. Breyer csoport"]
[Site "Torokbalint,"]
[Date "2024.03.10"]
[Round "6.1"]
[White "Orgovan, Sandor"]
[Black "Dupsky, Laszlo"]
[Result "1/2-1/2"]
[WhiteElo "2143"]
[BlackElo "2187"]
[PlyCount "33"]
[EventDate "2023.10.08"]
[EventType "team-tourn"]
[EventRounds "9"]
[EventCountry "HUN"]
[Source "chess.hu"]
[WhiteTeam "Varosgazda Akademia"]
[BlackTeam "Torokbalinti Sakk SE"]
[WhiteTeamCountry "HUN"]
[BlackTeamCountry "HUN"]

1. e4 d5 2. exd5 Nf6 3. d4 Nxd5 4. Nf3 g6 5. c4 Nb6 6. Nc3 Bg7 7. c5 Nd5 8. Bc4
Nxc3 9. bxc3 O-O 10. O-O b6 11. Re1 bxc5 12. Ng5 e6 13. Qf3 c6 14. dxc5 Qf6 15.
Qh3 h5 16. Ne4 Qf5 17. Qe3 1/2-1/2

[Event "NB II. Breyer csoport"]
[Site "Torokbalint,"]
[Date "2024.03.10"]
[Round "6.2"]
[White "Bereczki, Istvan"]
[Black "Horvath, Gabor"]
[Result "0-1"]
[WhiteElo "2039"]
[BlackElo "2158"]
[PlyCount "70"]
[EventDate "2023.10.08"]
[EventType "team-tourn"]
[EventRounds "9"]
[EventCountry "HUN"]
[Source "chess.hu"]
[WhiteTeam "Torokbalinti Sakk SE"]
[BlackTeam "Varosgazda Akademia"]
[WhiteTeamCountry "HUN"]
[BlackTeamCountry "HUN"]

1. c4 e5 2. d3 Nc6 3. Nc3 f5 4. e3 Bb4 5. Qc2 Bxc3+ 6. Qxc3 Nf6 7. Ne2 O-O 8.
g3 d5 9. Bg2 Be6 10. b3 Qd7 11. O-O Rad8 12. Ba3 Rfe8 13. Rad1 Qf7 14. Qc2 Rd7
15. c5 Nh5 16. f4 d4 17. e4 Qg6 18. fxe5 Nxe5 19. Nf4 Nxf4 20. Rxf4 Ng4 21. Bc1
Nf6 22. c6 bxc6 23. exf5 Bxf5 24. Bxc6 Bg4 25. Bxd7 Nxd7 26. Rdf1 Ne5 27. Qxc7
h5 28. Ba3 Qxd3 29. Rf8+ Kh7 30. Rxe8 Qe3+ 31. Kg2 Qe2+ 32. Kg1 Bh3 33. Rh8+
Kxh8 34. Rf8+ Kh7 35. Qb7 Qe1+ 0-1

[Event "NB II. Breyer csoport"]
[Site "Torokbalint,"]
[Date "2024.03.10"]
[Round "6.3"]
[White "Zanaty, Zsolt"]
[Black "Mullner, Imre"]
[Result "1/2-1/2"]
[WhiteElo "2130"]
[BlackElo "2042"]
[PlyCount "71"]
[EventDate "2023.10.08"]
[EventType "team-tourn"]
[EventRounds "9"]
[EventCountry "HUN"]
[Source "chess.hu"]
[WhiteTeam "Varosgazda Akademia"]
[BlackTeam "Torokbalinti Sakk SE"]
[WhiteTeamCountry "HUN"]
[BlackTeamCountry "HUN"]

1. d4 Nf6 2. c4 g6 3. Nc3 Bg7 4. e4 d6 5. Nf3 O-O 6. Be2 e5 7. dxe5 dxe5 8.
Qxd8 Rxd8 9. Bg5 Re8 10. Nd5 Nxd5 11. cxd5 Nd7 12. Nd2 f6 13. Be3 Bf8 14. Rc1
Bd6 15. O-O Nb6 16. Bc5 Rd8 17. Bxd6 cxd6 18. Rc7 Nd7 19. Nb3 f5 20. f3 Nf6 21.
Bd3 Ne8 22. Rc3 Bd7 23. Na5 Rab8 24. Rfc1 Kf8 25. Rb3 Rdc8 26. Rxc8 Bxc8 27.
Kf2 Nf6 28. h3 fxe4 29. fxe4 Nd7 30. Rc3 Ke7 31. Ke3 Kd8 32. b4 Nb6 33. Rc2 Bd7
34. Rf2 Ke7 35. Rc2 Kd8 36. Rf2 1/2-1/2

[Event "NB II. Breyer csoport"]
[Site "Torokbalint,"]
[Date "2024.03.10"]
[Round "6.4"]
[White "Sinka, Csaba"]
[Black "Gombocz, Zsolt"]
[Result "1/2-1/2"]
[WhiteElo "1999"]
[BlackElo "1995"]
[PlyCount "58"]
[EventDate "2023.10.08"]
[EventType "team-tourn"]
[EventRounds "9"]
[EventCountry "HUN"]
[Source "chess.hu"]
[WhiteTeam "Torokbalinti Sakk SE"]
[BlackTeam "Varosgazda Akademia"]
[WhiteTeamCountry "HUN"]
[BlackTeamCountry "HUN"]

1. e4 Nf6 2. e5 Nd5 3. Nc3 e6 4. d4 Nxc3 5. bxc3 b6 6. Nf3 Be7 7. Bd3 Bb7 8.
O-O O-O 9. Nd2 h6 10. Qh5 f5 11. exf6 Rxf6 12. Ne4 Bxe4 13. Bxe4 d5 14. Bf3 Nd7
15. Re1 Nf8 16. Bd2 Rc8 17. Re2 c5 18. Be3 c4 19. Bd2 Bd6 20. Bg4 Qe8 21. Qh3
Rc7 22. a4 Re7 23. g3 Bc7 24. f4 Bd6 25. Ree1 Qd7 26. Reb1 Bc7 27. Qg2 Qd8 28.
Qe2 Qe8 29. Bh5 Qd8 1/2-1/2

[Event "NB II. Breyer csoport"]
[Site "Torokbalint,"]
[Date "2024.03.10"]
[Round "6.5"]
[White "Halasz, Csaba"]
[Black "Hajdu, Roland"]
[Result "1-0"]
[WhiteElo "1980"]
[BlackElo "1889"]
[PlyCount "49"]
[EventDate "2023.10.08"]
[EventType "team-tourn"]
[EventRounds "9"]
[EventCountry "HUN"]
[Source "chess.hu"]
[WhiteTeam "Varosgazda Akademia"]
[BlackTeam "Torokbalinti Sakk SE"]
[WhiteTeamCountry "HUN"]
[BlackTeamCountry "HUN"]

1. e4 c5 2. Nf3 Nc6 3. d4 cxd4 4. Nxd4 Nf6 5. Nc3 d6 6. Be3 g6 7. f3 Bg7 8. Qd2
Bd7 9. O-O-O Rc8 10. Kb1 Ne5 11. g4 Nc4 12. Bxc4 Rxc4 13. h4 h5 14. g5 Nh7 15.
f4 Bg4 16. Rdf1 e5 17. Ndb5 Bf8 18. fxe5 a6 19. Nxd6+ Bxd6 20. exd6 O-O 21. Qd3
Be6 22. Nd5 Bxd5 23. Qxd5 b5 24. Bd4 Qd7 25. Qe5 1-0

[Event "NB II. Breyer csoport"]
[Site "Torokbalint,"]
[Date "2024.03.10"]
[Round "6.7"]
[White "Rozsnyai, Tibor"]
[Black "Bilibok, Csaba"]
[Result "1-0"]
[WhiteElo "1980"]
[BlackElo "1835"]
[PlyCount "153"]
[EventDate "2023.10.08"]
[EventType "team-tourn"]
[EventRounds "9"]
[EventCountry "HUN"]
[Source "chess.hu"]
[WhiteTeam "Varosgazda Akademia"]
[BlackTeam "Torokbalinti Sakk SE"]
[WhiteTeamCountry "HUN"]
[BlackTeamCountry "HUN"]

1. c4 Nf6 2. Nc3 e5 3. g3 Bb4 4. Bg2 Bxc3 5. bxc3 d6 6. d3 c6 7. Nf3 h6 8. O-O
Nbd7 9. Nd2 O-O 10. a4 Rb8 11. Ba3 Qc7 12. Qc2 b6 13. Nb3 c5 14. Bc1 Bb7 15. e4
Nh7 16. a5 a6 17. axb6 Qxb6 18. Nd2 Bc6 19. Qa2 Ra8 20. Qa5 Rfb8 21. Bf3 Ng5
22. Bd1 f5 23. h4 Nf7 24. exf5 Qb7 25. f3 Qc8 26. Ne4 Nf6 27. g4 Qd7 28. Rf2
Nh7 29. Ba4 Bxa4 30. Qxa4 Qxa4 31. Rxa4 Rb1 32. Rc2 Nf6 33. Nxf6+ gxf6 34. Kf2
Kg7 35. Ke3 a5 36. Kd2 Nd8 37. Rca2 Nc6 38. Kc2 Rb7 39. Rb2 Rxb2+ 40. Kxb2 Rb8+
41. Kc2 Ra8 42. Be3 Ra6 43. Bc1 Ra8 44. Bb2 Rb8 45. Ra3 Kf7 46. Bc1 Kg7 47. Rb3
Rxb3 48. Kxb3 Nd8 49. Ka4 Nf7 50. Kxa5 Kf8 51. Kb5 Ke7 52. Kc6 Nd8+ 53. Kc7 Nf7
54. Be3 Ke8 55. Bd2 Ke7 56. Bc1 Ke8 57. Kc6 Ke7 58. f4 Nd8+ 59. Kd5 Nf7 60. d4
exd4 61. cxd4 cxd4 62. Kxd4 Kd7 63. Kd5 Ke7 64. Kc6 Nd8+ 65. Kc7 Nf7 66. Ba3
Kf8 67. Bxd6+ Kg7 68. c5 Nh8 69. Kd7 Nf7 70. c6 h5 71. g5 Nh8 72. Be7 fxg5 73.
fxg5 Nf7 74. Ke6 Nh8 75. c7 Kh7 76. Kf6 Kg8 77. c8=Q+ 1-0

[Event "NB II. Breyer csoport"]
[Site "Torokbalint,"]
[Date "2024.03.10"]
[Round "6.8"]
[White "Kovacs, Andras"]
[Black "Salamon, Laszlo"]
[Result "1-0"]
[WhiteElo "1807"]
[BlackElo "1901"]
[PlyCount "101"]
[EventDate "2023.10.08"]
[EventType "team-tourn"]
[EventRounds "9"]
[EventCountry "HUN"]
[Source "chess.hu"]
[WhiteTeam "Torokbalinti Sakk SE"]
[BlackTeam "Varosgazda Akademia"]
[WhiteTeamCountry "HUN"]
[BlackTeamCountry "HUN"]

1. b3 f5 2. Bb2 e6 3. g3 Nf6 4. Bg2 Be7 5. d4 O-O 6. Nf3 d6 7. O-O Ne4 8. e3
Qe8 9. Nbd2 Nxd2 10. Qxd2 Qh5 11. Ne1 g5 12. Nd3 Nd7 13. f3 a5 14. a4 Rf6 15.
Bh1 Qg6 16. Bc3 b6 17. f4 Rb8 18. d5 Rf7 19. dxe6 Qxe6 20. fxg5 Bxg5 21. Nf4
Bxf4 22. exf4 Bb7 23. Rae1 Be4 24. Qd4 Nf6 25. Bxe4 fxe4 26. f5 Qe7 27. Qd2 Kh8
28. Rf4 Rg7 29. Bxf6 Qxf6 30. Rexe4 Rf8 31. Re6 Qg5 32. Qd4 c5 33. Qf2 Rgf7 34.
h4 Qh5 35. g4 Rg8 36. g5 Qd1+ 37. Re1 Qd5 38. Kh2 Qb7 39. Qf3 d5 40. Qe3 Rfg7
41. Qe5 Qf7 42. Qe6 Qh5 43. Qe5 Qf7 44. f6 Rxg5 45. Qxg5 Rxg5 46. hxg5 h6 47.
g6 Qxg6 48. f7 Qxc2+ 49. Kg1 Qg6+ 50. Kf2 Qc2+ 51. Re2 1-0

[Event "NB II. Breyer csoport"]
[Site "Torokbalint,"]
[Date "2024.03.10"]
[Round "6.9"]
[White "Sandor, Jozsef"]
[Black "Labancz, Janos"]
[Result "1-0"]
[WhiteElo "1861"]
[BlackElo "1790"]
[PlyCount "65"]
[EventDate "2023.10.08"]
[EventType "team-tourn"]
[EventRounds "9"]
[EventCountry "HUN"]
[Source "chess.hu"]
[WhiteTeam "Varosgazda Akademia"]
[BlackTeam "Torokbalinti Sakk SE"]
[WhiteTeamCountry "HUN"]
[BlackTeamCountry "HUN"]

1. Nf3 d5 2. d4 e6 3. Bf4 Bd6 4. Bg3 Nf6 5. e3 O-O 6. Bd3 b6 7. Nbd2 Bb7 8. Ne5
Nbd7 9. Qf3 Qe7 10. O-O Rac8 11. Rad1 c5 12. c3 cxd4 13. exd4 a6 14. Rfe1 Bxe5
15. dxe5 Ne8 16. Qh5 g6 17. Qh3 Qc5 18. Nf3 Kg7 19. Bf4 h5 20. Nd4 Qe7 21. Qe3
Rh8 22. Bg5 Qf8 23. Qg3 Nc5 24. Bc2 Qg8 25. f3 a5 26. Qh4 Nd7 27. Be7 f5 28.
exf6+ Ndxf6 29. Nxe6+ Kf7 30. Ng5+ Kg7 31. Bxf6+ Kxf6 32. Qf4+ Kg7 33. Re7+ 1-0

[Event "NB II. Breyer csoport"]
[Site "Torokbalint,"]
[Date "2024.03.10"]
[Round "6.10"]
[White "Nagy, Botond"]
[Black "Berla, Zoltan Mate"]
[Result "1-0"]
[WhiteElo "1807"]
[BlackElo "1737"]
[PlyCount "37"]
[EventDate "2023.10.08"]
[EventType "team-tourn"]
[EventRounds "9"]
[EventCountry "HUN"]
[Source "chess.hu"]
[WhiteTeam "Torokbalinti Sakk SE"]
[BlackTeam "Varosgazda Akademia"]
[WhiteTeamCountry "HUN"]
[BlackTeamCountry "HUN"]

1. e4 c5 2. Nf3 Nc6 3. d4 cxd4 4. Nxd4 Nf6 5. Nc3 e5 6. Ndb5 d6 7. Bg5 a6 8.
Na3 b5 9. Nd5 Be7 10. Bxf6 Bxf6 11. g3 Rb8 12. Bg2 Bg5 13. O-O Be6 14. f4 Bh6
15. c3 Bxd5 16. exd5 Ne7 17. fxe5 dxe5 18. d6 Qb6+ 19. Kh1 {Majd szabálytalan
lépés történt.} 1-0

[Event "NB II. Breyer csoport"]
[Site "Torokbalint,"]
[Date "2024.03.10"]
[Round "6.11"]
[White "Li, Changxing"]
[Black "Nagy, Levente"]
[Result "1/2-1/2"]
[WhiteElo "1755"]
[BlackElo "1753"]
[PlyCount "102"]
[EventDate "2023.10.08"]
[EventType "team-tourn"]
[EventRounds "9"]
[EventCountry "HUN"]
[Source "chess.hu"]
[WhiteTeam "Varosgazda Akademia"]
[BlackTeam "Torokbalinti Sakk SE"]
[WhiteTeamCountry "HUN"]
[BlackTeamCountry "HUN"]

1. e4 c5 2. Nf3 Nc6 3. d4 cxd4 4. Nxd4 g6 5. Nc3 Bg7 6. Be3 Nf6 7. Be2 O-O 8.
O-O d6 9. h3 Nxd4 10. Bxd4 b6 11. f4 Bb7 12. Bf3 Nd7 13. Bxg7 Kxg7 14. Qd4+ Kg8
15. Rad1 Nc5 16. e5 Bxf3 17. Rxf3 dxe5 18. Qxe5 Qc8 19. Nd5 f6 20. Nxe7+ Kg7
21. Qe1 Qc7 22. Nd5 Qb7 23. Re3 Rf7 24. f5 Rd8 25. fxg6 hxg6 26. c4 b5 27. Qb4
Na6 28. Qxb5 Qxb5 29. cxb5 Nb4 30. Nc3 Rxd1+ 31. Nxd1 Nxa2 32. Nc3 Nxc3 33.
bxc3 Rc7 34. Kf2 Kf7 35. Ke2 Rc5 36. Rd3 Ke6 37. Rg3 Kf7 38. c4 Rxc4 39. Ra3
Rc7 40. Kd3 Ke6 41. Kd4 Rb7 42. Ra6+ Rb6 43. Kc5 Rxa6 44. bxa6 Ke5 45. Kc6 f5
46. Kb7 Kd6 47. Kxa7 Kc7 48. Ka8 g5 49. Ka7 f4 50. Ka8 Kc8 51. Ka7 Kc7 1/2-1/2

[Event "NB II. Breyer csoport"]
[Site "Budapest"]
[Date "2024.03.10"]
[Round "6.1"]
[White "Szabo, Marton Mihaly"]
[Black "Farkas, Richard"]
[Result "1/2-1/2"]
[WhiteElo "2281"]
[BlackElo "2234"]
[PlyCount "49"]
[EventDate "2023.10.08"]
[EventType "team-tourn"]
[EventRounds "9"]
[EventCountry "HUN"]
[Source "chess.hu"]
[WhiteTeam "Esztergomi SC"]
[BlackTeam "Barcza - BEAC I."]
[WhiteTeamCountry "HUN"]
[BlackTeamCountry "HUN"]

1. e4 e6 2. Nf3 d5 3. e5 c5 4. b4 cxb4 5. d4 Qa5 6. Nbd2 Bd7 7. Bd3 Bb5 8. Nb3
Qa6 9. Bxb5+ Qxb5 10. Be3 Ne7 11. Nc1 Nf5 12. g4 Nxe3 13. fxe3 h5 14. g5 g6 15.
Nd3 Nc6 16. O-O a5 17. Nd2 Ne7 18. a3 Nf5 19. Qf3 bxa3 20. Rfb1 Qc6 21. c4 dxc4
22. Qxc6+ bxc6 23. Nxc4 Be7 24. Rb7 Rh7 25. Kf2 1/2-1/2

[Event "NB II. Breyer csoport"]
[Site "Budapest"]
[Date "2024.03.10"]
[Round "6.2"]
[White "Horvath, Andras"]
[Black "Szabo, Abel"]
[Result "1-0"]
[WhiteElo "2260"]
[BlackElo "2105"]
[PlyCount "75"]
[EventDate "2023.10.08"]
[EventType "team-tourn"]
[EventRounds "9"]
[EventCountry "HUN"]
[Source "chess.hu"]
[WhiteTeam "Barcza - BEAC I."]
[BlackTeam "Esztergomi SC"]
[WhiteTeamCountry "HUN"]
[BlackTeamCountry "HUN"]

1. d4 Nf6 2. c4 e6 3. g3 Bb4+ 4. Bd2 Qe7 5. Bg2 O-O 6. Nf3 Bxd2+ 7. Qxd2 d6 8.
Nc3 e5 9. O-O Nbd7 10. Rac1 Re8 11. e4 b6 12. Rfe1 Bb7 13. Nd5 Qd8 14. Rcd1 Nf8
15. Qc3 exd4 16. Nxd4 Ne6 17. Nxf6+ Qxf6 18. e5 dxe5 19. Nxe6 Bxg2 20. Nxc7 Qc6
21. Nxe8 Bh3 22. f3 Rxe8 23. Rxe5 h6 24. Rxe8+ Qxe8 25. Qd4 Qc6 26. Kf2 Be6 27.
b3 h5 28. Qe5 Qc8 29. Qxh5 f6 30. Qh4 Qc5+ 31. Kg2 Kf7 32. Rd2 Qe3 33. Qf4 Qe1
34. g4 g5 35. Qd4 f5 36. Rf2 Kg6 37. Qd3 Qe5 38. Re2 1-0